Модели и методы искусственного интеллекта. Применение в экономике: учебное пособие

Podrobná bibliografie
Hlavní autor: Матвеев М. Г. Михаил Григорьевич
Další autoři: Свиридов А. С. Андрей Станиславович, Алейникова Н. А. Наталья Александровна
Shrnutí:Представлены теоретические основы искусственного интеллекта: информационные аспекты, сведения о бинарной и нечеткой логике, а также методы и модели актуальных направлений искусственного интеллекта, экспертных систем, инженерии знаний, нейронных сетей и генетических алгоритмов. Подробно рассмотрены вопросы практической реализации интеллектуальных систем. Приведено множество примеров, иллюстрирующих разработку и применение рассматриваемых методов и моделей. Особое внимание уделено экономическим задачам.
Jazyk:ruština
Vydáno: Москва, Финансы и статистика, 2008
Témata:
Médium: MixedMaterials Kniha
KOHA link:https://koha.lib.tpu.ru/cgi-bin/koha/opac-detail.pl?biblionumber=165834

MARC

LEADER 00000nam0a2200000 4500
001 165834
005 20231101222600.0
010 |a 9785160034126 
010 |a 978-5-279-03279-2 
035 |a (RuTPU)RU\TPU\book\179892 
090 |a 165834 
100 |a 20090923d2008 m y0rusy50 ca 
101 0 |a rus 
102 |a RU 
105 |a a j 001zy 
200 1 |a Модели и методы искусственного интеллекта. Применение в экономике  |e учебное пособие  |f М. Г. Матвеев, А. С. Свиридов, Н. А. Алейникова 
210 |a Москва  |c Финансы и статистика  |c Инфра-М  |d 2008 
215 |a 448 с.  |c ил. 
320 |a Библиогр.: с. 440-441. 
320 |a Предметный указатель: с. 442-447. 
330 |a Представлены теоретические основы искусственного интеллекта: информационные аспекты, сведения о бинарной и нечеткой логике, а также методы и модели актуальных направлений искусственного интеллекта, экспертных систем, инженерии знаний, нейронных сетей и генетических алгоритмов. Подробно рассмотрены вопросы практической реализации интеллектуальных систем. Приведено множество примеров, иллюстрирующих разработку и применение рассматриваемых методов и моделей. Особое внимание уделено экономическим задачам. 
606 1 |a Искусственный интеллект  |2 stltpush  |3 (RuTPU)RU\TPU\subj\13185  |9 39836 
610 1 |a измерение 
610 1 |a алгебра логики 
610 1 |a экспертные системы 
610 1 |a экономика 
610 1 |a инженерия 
610 1 |a искусственные нейронные сети 
610 1 |a генетические алгоритмы 
610 1 |a экономические задачи 
610 1 |a решение 
610 1 |a учебные пособия 
610 1 |a прикладная информатика 
610 1 |a прикладная математика 
675 |a 681.5(075.8)  |v 3 
700 1 |a Матвеев  |b М. Г.  |g Михаил Григорьевич 
701 1 |a Свиридов  |b А. С.  |g Андрей Станиславович 
701 1 |a Алейникова  |b Н. А.  |g Наталья Александровна 
801 1 |a RU  |b 63413507  |c 20090923 
801 2 |a RU  |b 63413507  |c 20100419  |g RCR 
900 |a Искусственный интеллект и нейросетевое управление 
900 |a Методы искусственного интеллекта 
942 |c BK 
951 |b 080801 
959 |a 97/20090921  |d 1  |e 300,00  |f ЧЗТЛ:1